000 00295nam a22001337a 4500
008 170531b xxu||||| |||| 00| 0 eng d
020 _a9780697363183
041 _aeng
080 _29 ED
_a94
100 _a17
101 _aSHH
245 _aWESTERN CIVILIZATION
_cHUGHES.W
942 _2udc
_cBK
999 _c15131
_d15131